Cenová komparácia vybraných bezlepkových produktov bakalárska práca

Na minha lista:
Detalhes bibliográficos
Autor principal: Prokopová, Lenka
Autor Corporativo: Podnikovohospodárska fakulta EU so sídlom v Košiciach. Katedra marketingu a obchodu
Outros Autores: Lieskovská, Vanda, 1961-
Formato: Livro
Idioma:eslovaco
Publicado em: Košice 2013
Tags: Adicionar Tag
Sem tags, seja o primeiro a adicionar uma tag!

MARC

LEADER 00000nbm a2200000 4500
001 0172313
005 20161109112043.3
041 0 |a slo 
044 |a SK 
245 1 0 |a Cenová komparácia vybraných bezlepkových produktov  |b bakalárska práca  |c Lenka Prokopová ; školiteľ: Vanda Lieskovská 
264 1 |a Košice  |c 2013 
300 |a 79 s. 
100 1 |a Prokopová, Lenka 
700 1 |a Lieskovská, Vanda, 1961- 
710 2 |a Podnikovohospodárska fakulta EU so sídlom v Košiciach. Katedra marketingu a obchodu